|
|
|
|
| LEADER |
01587nam a22004214a 4500 |
| 001 |
EBC214812 |
| 003 |
MiAaPQ |
| 005 |
20191030193357.0 |
| 006 |
m o d | |
| 007 |
cr cn||||||||| |
| 008 |
040730s2005 enk sb 001 0 eng |
| 010 |
|
|
|z 2004018022
|
| 020 |
|
|
|z 0415354005
|
| 020 |
|
|
|z 9780415354004
|
| 020 |
|
|
|a 9780203000427 (electronic bk.)
|
| 035 |
|
|
|a (MiAaPQ)EBC214812
|
| 035 |
|
|
|a (Au-PeEL)EBL214812
|
| 035 |
|
|
|a (CaPaEBR)ebr10162713
|
| 035 |
|
|
|a (CaONFJC)MIL16876
|
| 035 |
|
|
|a (OCoLC)253000533
|
| 040 |
|
|
|a MiAaPQ
|c MiAaPQ
|d MiAaPQ
|
| 043 |
|
|
|a e-ru---
|
| 050 |
|
4 |
|a HC340.12
|b .H43 2005
|
| 082 |
0 |
4 |
|a 330.947
|2 22
|
| 100 |
1 |
|
|a Hedlund, Stefan,
|d 1953-
|
| 245 |
1 |
0 |
|a Russian path dependence
|h [electronic resource] /
|c Stefan Hedlund.
|
| 260 |
|
|
|a London ;
|a New York :
|b Routledge,
|c c2005.
|
| 300 |
|
|
|a xiv, 394 p.
|
| 490 |
1 |
|
|a Routledge studies in the European economy ;
|v 15
|
| 504 |
|
|
|a Includes bibliographical references (p. [373]-384) and index.
|
| 505 |
0 |
|
|a Introduction -- The setting -- The lock-in -- The path dependence -- Breaking with the past?
|
| 533 |
|
|
|a Electronic reproduction. Ann Arbor, MI : ProQuest, 2016. Available via World Wide Web. Access may be limited to ProQuest affiliated libraries.
|
| 651 |
|
0 |
|a Russia (Federation)
|x Economic policy
|y 1991-
|
| 651 |
|
0 |
|a Russia
|x History.
|
| 655 |
|
4 |
|a Electronic books.
|
| 710 |
2 |
|
|a ProQuest (Firm)
|
| 830 |
|
0 |
|a Routledge studies in the European economy ;
|v 15.
|
| 856 |
4 |
0 |
|u https://ebookcentral.proquest.com/lib/matrademy/detail.action?docID=214812
|z Click to View
|